000 00851cam a22002294a 4500
005 20250605164300.0
008 250528s ||||||||||||||||||||||||d
035 _a22028
020 _a9789608898307
040 _aGR-AtMCL
_bgre
_dGR-AtMCL
_eAACR2
245 1 _aΠΡΟΒΛΗΜΑΤΑ ΚΑΙ ΕΦΑΡΜΟΓΕΣ ΧΡΗΜΑΤΟΟΙΚΟΝΟΜΙΚΗΣ ΛΟΓΙΣΤΙΚΗΣ / ΠΡΟΒΛΗΜΑΤΑ -ΕΡΩΤΗΣΕΙΣ - ΕΦΑΡΜΟΓΕΣ ΜΕ ΤΙΣ ΑΠΑΝΤΗΣΕΙΣ ΚΑΙ ΤΙΣ ΛΥΣΕΙΣ ΤΟΥΣ
250 _a1
260 _c2005
300 _a622
520 _aΛΟΓΙΣΤΙΚΗ - ΛΟΓΙΣΤΙΚΗ ΕΠΙΧΕΙΡΗΣΕΩΝ
700 1 _aBusiness Plus Α.Ε
_97904
700 1 _aΚαζαντζης Χρηστος Ι
_97905
700 1 _aΣωρρου Ιωαννης Ν
_97906
942 _cBK
999 _c7084
_d7084